| 000 | 00770nam a22001457a 4500 | ||
|---|---|---|---|
| 005 | 20140326085837.0 | ||
| 008 | 140326b2013 io ||||| |||| 00| 0 eng d | ||
| 041 | _aeng | ||
| 090 |
_aLB _b05893 |
||
| 245 |
_aWorld agroforestry centre southeast Asia regional program & ASB programme _bSixth Annual International Ecosystem Services Partnership Conference 2013 |
||
| 260 |
_aBali _bs.e. _c2013 |
||
| 300 |
_aPagina web _c13 cm |
||
| 500 | _aWe list the scientific ouputs from ICRAF-SEA staff. Books, research reports, proceedings, journal articles, etc. can be obtained as long as the stock lasts, otherwise photocopies can be made available. You may also download the PDF file for free. This lists below are listed per type and per current year.gratuita. | ||
| 942 |
_2z _cCD-ROM |
||
| 999 |
_c8317 _d8317 |
||